Science Quiz

Random Science Quiz
Score 0/13 Timer 05:00
0 Plays Today
Description Protist % Correct
Have ciliaCiliophora
60%
Are amoebasRhizopoda
50%
'Root foot'Rhizopoda
50%
Have pseudopodia, or 'false feet'Rhizopoda
50%
'Ray foot'Actinopoda
50%
Have outer covering of silicaActinopoda
50%
Like a rhizopod, but with a shellActinopoda
50%
ParameciumCiliophora
50%
Free and symbioticZoomasligophora
40%
Have flagella (usually one, not more than two)Zoomasligophora
40%
Causes malariaApicomplexa
40%
Has a complex life cycle (needs two hosts - mosquito and mammal)Apicomplexa
30%
Most of the life cycle is haploid, until becoming diploid in mosquitoApicomplexa
20%
Come Together.
Have Fun.
All Virtual.
We all need to come together. Play Sporcle's virtual live trivia to have fun, connect with people, and get your trivia on. Join a live hosted trivia game for your favorite pub trivia experience done virtually. If a virtual private party is more your thing, go here for details.

You're not logged in!

Compare scores with friends on all Sporcle quizzes.
OR
Log In

Sporcle TV

Today on Sporcle TV


Watch our educational content, quiz creation guides, and fun videos on Sporcle TV.

Show Comments

Extras

Created Feb 21, 2011ReportNominate
Tags:description, protist

Top Quizzes Today


Score Distribution

Paid Content

Your Account Isn't Verified!

In order to create a playlist on Sporcle, you need to verify the email address you used during registration. Go to your Sporcle Settings to finish the process.

Report this User

Report this user for behavior that violates our Community Guidelines.

Details: